000
00327nam a22001577a 4500
003
SGT
020
_a
9788171793846
082
_a
614.44
_b
M12G
100
_a
GUPTA, LC.
245
_a
MANUAL OF AIRST AID
250
_a
1ST
260
_a
INDIA
_b
JAYPEE PUB
_c
2012
300
_a
441
650
_a
NURSING
942
_2
ddc
_c
BK
_0
15
999
_c
21892
_d
21892